00481nam a2200157Ia 4500008004100000082001600041100001700057245001700074250000800091260003800099300001000137650001700147942001200164952013200176999001500308150301s2014 xx 000 0 und d a617.5bE14G aGORDIS, LEON aEPIDEMIOLOGY a5TH bELSEVIER PUBLICATIONaDELHIc2014 a1-392 aEPIDEMIOLOGY 2ddccBK 00102ddc4070aFDbFDd2015-07-02eABC-DELHIg3473.00iSGTUl0o617.5 E14GpFD7263r2015-07-02 00:00:00w2015-06-05yBKk5698 c6953d6953